QUIZ LOGO TEAM ESPORTS #3 - Statistiques

Statistiques générales
  • Ce quiz a été pris 498 fois
  • Le résultat moyen est 7 sur 16
Statistiques - réponses
Par images Réponse % Correct
Ninja In Pyjamas
86%
Team Secret
79%
Spacestation gaming
69%
Oxygen esports
68%
Twisted Minds
62%
Valiant
57%
Complexity
54%
BIG
48%
Team Spirit
48%
ENCE
40%
XSET
27%
Gaimin Gladiators
26%
Tundra esports
24%
LGD Gaming
15%
w7m esports
13%
Beastcoast
8%
Aucun quiz correspondant
Distribution des résultats
% des personnes avec chaque résultat
Percentile par nombre de réponses
Votre historique - résultats
Vous n’avez pas pris ce quiz